000
00292nam a2200121Ia 4500
008
190216s9999||||xx |||||||||||||| ||und||
100
_a
John W Best
245
0
_a
Research In Education
260
_b
Prentice Hall Of India Pvt Ltd
_c
1983
300
_a
498
650
_a
Education
942
_c
BK
999
_c
21038
_d
21038